Sons les plus streamés de Gims - Statistiques

Statistiques générales
  • Ce quiz a été pris 144 fois
  • Le résultat moyen est 8 sur 20
Statistiques - réponses
Streams Année de sortie Featuring Sons % Correct
135,144,446 2013 / Bella
80%
137,226,541 2024 / Ciel
76%
279,481,157 2024 Dystinct Spider
71%
153,221,752 2018 Vianney La même
63%
138,412,506 2015 Niska Sapés comme jamais
61%
469,398,018 2015 / Est-ce que tu m'aimes ?
54%
164,500,121 2025 / Ninao
48%
190,622,483 2013 / J'me tire
46%
153,393,006 2021 Naps Best life
43%
223,723,170 2024 / Sois pas timide
38%
83,273,973 2017 Lacrim Ce soir ne sors pas
34%
322,275,752 2023 Morad Seya
34%
274,289,297 2019 Maluma Hola señorita
30%
111,741,122 2024 Lossa Loco
28%
81,905,123 2016 / Tout donner
25%
88,183,941 2019 Sting Reste
23%
116,293,925 2017 Dadju Par amour
20%
109,480,221 2016 Dany Synthé, soFLY, Nius Loin
8%
152,650,232 2018 Alvaro Soler Lo mismo
7%
118,113,701 2023 AriBeatz, Ozuna, Sfera Ebbasta Mirage
7%
Aucun quiz correspondant
Distribution des résultats
% des personnes avec chaque résultat
Percentile par nombre de réponses
Votre historique - résultats
Vous n’avez pas pris ce quiz